| 000 | 00760nam a2200217 a 4500 | ||
|---|---|---|---|
| 001 | 000025143 | ||
| 005 | 20200930023603.0 | ||
| 008 | 110208s1963 sp a r 000 | spa d | ||
| 040 |
_aDO-SdBNP _bspa _cBNPHU |
||
| 041 |
_aeng _hspa _2Código de idioma MARC |
||
| 082 |
_axxx _bA193l |
||
| 100 | 1 |
_aAdam, J. B. _951550 |
|
| 240 | 0 |
_aThe language laboratory. _lEspañol |
|
| 245 | 1 | 0 |
_aLaboratorio de idiomas : _bnuevo enfoque de la enseñanza de idiomas / _cJ. B. Adam, A. J. Shawcross; traducción Ricardo Jordana. |
| 260 |
_aBarcelona : _bRamon Sopena, _c1963. |
||
| 300 |
_a208 p. : _bil. ; _c21 cm. |
||
| 534 |
_aTítulo original : _tThe language laboratory. |
||
| 700 | 1 |
_aA. J. Shawcross. _951551 |
|
| 700 | 1 |
_aJordana, Ricardo _etr. _951552 |
|
| 049 | _aBNGR | ||
| 999 |
_c24636 _d24636 |
||